[Event "Quebec Montcalm op 3 2016-17"]
[Site "Quebec"]
[Date "2016.11.24"]
[Round "2"]
[White "Lapierre, Gaetan"]
[Black "Abran, David"]
[Result "0-1"]
[WhiteElo "1984"]
[BlackElo "1837"]
[PlyCount "82"]
[EventDate "2016.11.17"]
[EventType "swiss"]
[EventRounds "5"]
[EventCountry "CAN"]
[SourceTitle "EXT 2022"]
[Source "ChessBase"]
[SourceDate "2021.10.06"]
[SourceVersion "1"]
[SourceVersionDate "2021.10.06"]
[SourceQuality "1"]

1. e4 c5 2. Nc3 a6 3. a4 d6 4. g3 Nc6 5. Bg2 g6 6. d3 Bg7 7. Nge2 e6 8. Be3 Nge7 9. 0-0 0-0 10. f4 f5 11. d4 cxd4 12. Nxd4 Nxd4 13. Bxd4 e5 14. fxe5 Bxe5 15. a5 f4 16. gxf4 Bxf4 17. Bb6 Qd7 18. Ne2 Be5 19. Rxf8+ Kxf8 20. Qf1+ Kg7 21. Qf2 Nc6 22. Rf1 Qe7 23. Nf4 Be6 24. Be3 Bc4 25. Nd5 Bxd5 26. exd5 Nxa5 27. Bh3 Nc4 28. Bc1 Bf6 29. b3 Ne5 30. Be6 Rf8 31. Qf4 g5 32. Qg3 h6 33. Qh3 Qe8 34. Qc3 Nf3+ 35. Rxf3 Bxc3 36. Rxc3 Qb5 37. Rc4 Qb6+ 38. Kg2 Qf2+ 39. Kh3 Rf3+ 40. Kg4 Qg2+ 41. Kh5 Rh3+ 0-1

[Event "Quebec Montcalm op 2 2016-17"]
[Site "Quebec"]
[Date "2016.11.10"]
[Round "5"]
[White "Abran, David"]
[Black "Sarra Bournet, Marc"]
[Result "0-1"]
[WhiteElo "1894"]
[BlackElo "1862"]
[PlyCount "76"]
[EventDate "2016.10.13"]
[EventType "swiss"]
[EventRounds "5"]
[EventCountry "CAN"]
[SourceTitle "EXT 2022"]
[Source "ChessBase"]
[SourceDate "2021.10.06"]
[SourceVersion "1"]
[SourceVersionDate "2021.10.06"]
[SourceQuality "1"]

1. d4 d5 2. c4 e6 3. Nc3 Nf6 4. Nf3 Be7 5. Bf4 0-0 6. e3 c6 7. Qc2 Nbd7 8. 0-0-0 dxc4 9. Bxc4 b5 10. Bd3 Bb7 11. Ne4 Nxe4 12. Bxe4 Nf6 13. Bd3 h6 14. e4 Rc8 15. Kb1 c5 16. dxc5 Rxc5 17. Qe2 Qa8 18. Nd2 a6 19. f3 Rfc8 20. Nb3 R5c6 21. g4 a5 22. h4 a4 23. Nc1 b4 24. Qh2 b3 25. a3 Rc2 26. Rd2 Nxg4 27. fxg4 Bxe4 28. Re1 Bxd3 29. Nxd3 Qc6 30. Rxc2 bxc2+ 31. Kc1 Qd5 32. Nb4 Bxb4 33. axb4 Qa2 34. Qh1 Qb1+ 35. Kd2 Qxb2 36. Rc1 Qxb4+ 37. Kd3 Rc3+ 38. Ke2 Qxf4 0-1

[Event "Ste Foy Euwe"]
[Site "Ste Foy"]
[Date "2016.01.30"]
[Round "3"]
[White "Abran, David"]
[Black "Chouinard, Etienne"]
[Result "0-1"]
[WhiteElo "1809"]
[BlackElo "1824"]
[PlyCount "98"]
[EventDate "2016.01.16"]
[EventType "swiss"]
[EventRounds "5"]
[EventCountry "CAN"]
[SourceTitle "EXT 2022"]
[Source "ChessBase"]
[SourceDate "2021.10.06"]
[SourceVersion "1"]
[SourceVersionDate "2021.10.06"]
[SourceQuality "1"]

1. d4 d5 2. c4 e6 3. Nc3 Nf6 4. Nf3 Nbd7 5. Bg5 c6 6. e3 Qa5 7. Qb3 Ne4 8. Bf4 Bb4 9. Rc1 Ndf6 10. Bd3 0-0 11. h3 b6 12. cxd5 cxd5 13. 0-0 Bxc3 14. bxc3 Ba6 15. Bxa6 Qxa6 16. c4 Rac8 17. cxd5 Nxd5 18. Be5 Ndc3 19. Kh2 Qxa2 20. Qxa2 Nxa2 21. Ra1 Rc2 22. Ne1 Re2 23. Nd3 f6 24. Nf4 Rd2 25. Nxe6 Rc8 26. Bg3 Rcc2 27. Nf4 b5 28. Rad1 b4 29. Rxd2 Nxd2 30. Rd1 b3 31. Nd3 b2 32. Nxb2 Rxb2 33. Bc7 Kf7 34. Ba5 Nb3 35. Be1 a5 36. Bxa5 Nxa5 37. f3 Nc4 38. Rd3 Nb4 39. Rc3 Rc2 40. Rb3 Nd5 41. Rb7+ Kg6 42. e4 Nde3 43. Rb1 Rxg2+ 44. Kh1 Nd2 45. Rg1 Rxg1+ 46. Kxg1 Nxf3+ 47. Kf2 Nxd4 48. Kxe3 Nc6 49. Kf4 Ne5 0-1

[Event "Millenium"]
[Site "Charlesbourg"]
[Date "2015.11.02"]
[Round "5"]
[White "Abran, David"]
[Black "Boies, Dominique"]
[Result "1-0"]
[WhiteElo "1845"]
[BlackElo "1625"]
[PlyCount "33"]
[EventDate "2015.10.05"]
[EventType "swiss"]
[EventRounds "5"]
[EventCountry "CAN"]
[SourceTitle "EXT 2019"]
[Source "ChessBase"]
[SourceDate "2018.10.10"]
[SourceVersion "1"]
[SourceVersionDate "2018.10.10"]
[SourceQuality "1"]

1. d4 d5 2. c4 dxc4 3. e3 e6 4. Bxc4 Nf6 5. Nf3 Bb4+ 6. Nc3 0-0 7. 0-0 a6 8. Qe2 Bxc3 9. bxc3 b6 10. e4 Bb7 11. Bd3 Re8 12. e5 Nd5 13. Bxh7+ Kxh7 14. Ng5+ Kg8 15. Qh5 f6 16. Qh7+ Kf8 17. Qh8+ 1-0

[Event "Zukertort"]
[Site "Charlesbourg"]
[Date "2015.02.23"]
[Round "3"]
[White "Abran, David"]
[Black "Dube, Daniel"]
[Result "0-1"]
[WhiteElo "1884"]
[BlackElo "1913"]
[PlyCount "78"]
[EventDate "2015.02.09"]
[EventType "swiss"]
[EventRounds "5"]
[EventCountry "CAN"]
[SourceTitle "EXT 2019"]
[Source "ChessBase"]
[SourceDate "2018.10.10"]
[SourceVersion "1"]
[SourceVersionDate "2018.10.10"]
[SourceQuality "1"]

1. Nf3 e6 2. d3 b6 3. c4 Bb7 4. Nc3 Bb4 5. Bd2 f5 6. g3 Nf6 7. Bg2 0-0 8. 0-0 c5 9. Nb5 d6 10. Bxb4 cxb4 11. Nbd4 Qd7 12. a3 e5 13. Nb3 bxa3 14. Rxa3 Nc6 15. Qd2 d5 16. cxd5 Nxd5 17. d4 e4 18. Ne1 Rae8 19. Nc2 f4 20. Nc1 Rf6 21. gxf4 Nxf4 22. Rg3 Nxg2 23. Kxg2 e3 24. Nxe3 Nxd4+ 25. f3 Rfe6 26. Rd1 Rxe3 27. Qxd4 Qxd4 28. Rxd4 Ba6 29. Rd7 R8e7 30. Rxe7 Rxe7 31. Kf2 Rc7 32. f4 Rxc1 33. Ra3 Bb5 34. Rxa7 Rc2 35. Re7 Rxb2 36. Kf3 Kf8 37. Re5 Bxe2+ 38. Rxe2 Rxe2 39. Kxe2 Kf7 0-1

[Event "Montcalm op"]
[Site "Quebec"]
[Date "2015.01.10"]
[Round "2"]
[White "Abran, David"]
[Black "Lessard, Claude"]
[Result "0-1"]
[WhiteElo "1887"]
[BlackElo "2037"]
[PlyCount "98"]
[EventDate "2015.01.09"]
[EventType "swiss"]
[EventRounds "5"]
[EventCountry "CAN"]
[SourceTitle "EXT 2019"]
[Source "ChessBase"]
[SourceDate "2018.10.10"]
[SourceVersion "1"]
[SourceVersionDate "2018.10.10"]
[SourceQuality "1"]

1. Nf3 Nf6 2. g3 b5 3. Bg2 Bb7 4. 0-0 e6 5. d3 d5 6. Nbd2 Nbd7 7. c4 dxc4 8. dxc4 b4 9. Qa4 Be7 10. Ne5 Bxg2 11. Kxg2 0-0 12. Nc6 Qe8 13. Nxb4 Ng4 14. h3 Nge5 15. f4 Bxb4 16. Qxb4 Nc6 17. Qc3 e5 18. Nf3 f6 19. b4 exf4 20. Bxf4 Qxe2+ 21. Rf2 Qe7 22. Re1 Qxb4 23. Qxb4 Nxb4 24. Re7 Nb6 25. Rfe2 Nd3 26. Bxc7 Nxc4 27. R2e4 Nb6 28. Rd4 Nc5 29. Rd2 Rfe8 30. Rde2 Rxe7 31. Rxe7 Nd5 32. Re2 Nxc7 33. Rc2 N7e6 34. Nh4 g6 35. Nf3 Rd8 36. g4 g5 37. h4 Nf4+ 38. Kg3 Ne4+ 39. Kh2 h6 40. hxg5 hxg5 41. Rb2 Rd3 42. Ng1 Kg7 43. Rb7+ Kg6 44. Rb2 a5 45. Rc2 a4 46. Rb2 a3 47. Rc2 Kh6 48. Ne2 Nxe2 49. Rxe2 Rd2 0-1